Rekreačný potenciál a rajonizácia cestovného ruchu na Slovensku
Významný rekreačný potenciál vidieckej krajiny, lesov, vodných plôch a tokov. Široké spektrum rekreačných možností mestskej krajiny. Rekreačný potenciál krajiny a jeho regionalizácia. Aktuálne problémy a prístupy k hodnoteniu rekreačného potenciálu krajiny.
Salvato in:
| Autore principale: | |
|---|---|
| Altri autori: | , |
| Natura: | Capitolo di libro |
| Lingua: | slovacco |
| Soggetti: | |
| Tags: |
Nessun Tag, puoi essere il primo ad aggiungerne!!
|
MARC
| LEADER | 00000naa a2200000 4500 | ||
|---|---|---|---|
| 001 | 0262180 | ||
| 005 | 20200205131429.2 | ||
| 041 | 0 | |a slo | |
| 044 | |a SK | ||
| 245 | 1 | 0 | |a Rekreačný potenciál a rajonizácia cestovného ruchu na Slovensku |c Ján Supuka, Mária Bihuňová, Monika Totkovič |
| 520 | |a Významný rekreačný potenciál vidieckej krajiny, lesov, vodných plôch a tokov. Široké spektrum rekreačných možností mestskej krajiny. Rekreačný potenciál krajiny a jeho regionalizácia. Aktuálne problémy a prístupy k hodnoteniu rekreačného potenciálu krajiny. | ||
| 610 | 2 | 0 | |a rekreácia |
| 610 | 2 | 0 | |a oddych |
| 610 | 2 | 0 | |a ruch cestovný |
| 610 | 2 | 0 | |a rajonizácia |
| 610 | 2 | 0 | |a územia chránené |
| 610 | 2 | 0 | |a regióny |
| 610 | 2 | 0 | |a lesy |
| 610 | 2 | 0 | |a voda |
| 610 | 2 | 0 | |a kúpele |
| 610 | 2 | 0 | |a šport |
| 610 | 2 | 0 | |a Slovensko |
| 100 | 1 | |a Supuka, Ján | |
| 700 | 1 | |a Bihuňová, Mária | |
| 700 | 1 | |a Totkovič, Monika | |